Normal view MARC view

Entry Personal Name

Number of records used in: 1

001 - CONTROL NUMBER

  • control field: 1236121

003 - CONTROL NUMBER IDENTIFIER

  • control field: OSt

005 - DATE AND TIME OF LATEST TRANSACTION

  • control field: 20260430150003.0

008 - FIXED-LENGTH DATA ELEMENTS

  • fixed length control field: 260430|| aca||aabn | a|a d

040 ## - CATALOGING SOURCE

  • Original cataloging agency: OSt
  • Transcribing agency: OSt

100 ## - HEADING--PERSONAL NAME

  • Personal name: Singh Anoop Au.; Singh Yogendra Gu

670 ## - SOURCE DATA FOUND

  • Source citation: Work cat.: (OSt)1848663: Singh Anoop Au.; Singh Yogendra Gu., Understanding the evolutionary success of Mycobacterium tuberculosis by its genetic signatures and host-specific microbial markers, 2021
Copyright @ Delhi University Library System